000 01007nam0a2200301 4500
001 RU\NLR\bibl\542826
005 20250609154324.0
010 _a5-93189-021-1
_91000
021 _aRU
_b2004-37249
_91865
035 _a(NLR Aleph) 000535057
090 _a1377403
_c1377403
100 _a20040803d2004 |||y0rusy50 ca
101 0 _arus
102 _aRU
105 _aa |||||||||
200 1 _aКохлеарная имплантация
_fГ.А. Таварткиладзе
210 _aМ.
_cСвятигор Пресс
_d2004
215 _a84 с.
_cил.
_d21
320 _aБиблиогр.: с. 82-83 (15 назв.)
606 0 _aКохлеарная имплантация
_92344129
_3RU\NLR\auth\661400942
686 _aР685.360.24-599.9
700 1 _aТаварткиладзе
_bГ. А.
_gГеоргий Абелович
_4070
801 0 _aRU
_bNLR
_c20040803
_gPSBO
801 1 _aRU
_bNLR
_c20040803
830 _aАвт. по ЭК
942 _cBOOK
980 _aNB